Dove giocava nel 2010-2011? - Quiz n°13 - Statistics

Statistiche generali
  • Questo quiz è stato fatto 31 volte
  • Il punteggio medio è 8 su 10
Statistiche sulle risposte
Hint Risposta % Corretto
Rui Patrício Sporting Lisbona
100%
Víctor Valdés Barcellona
93%
Aleksandar Kolarov Manchester City
93%
Massimo Maccarone Palermo
93%
Keisuke Honda CSKA Mosca
89%
Santi Cazorla Villarreal
78%
Graziano Pellè AZ Alkmaar
70%
Callum Wilson Coventry City
70%
Emil Hallfreðsson Hellas Verona
70%
Iago Falque Villarreal B
44%
Nessun quiz corrispondente trovato
Distribuzione punteggi
Percentuale di utenti per punteggio
Percentile per numero di risposta
I tuoi punteggi nel tempo
Non hai fatto questo quiz